Cấu trúc cú pháp câu thơ Thanh Thảo.
Những vấn đề lí luận liên quan đến đề tài. Khảo sát và miêu tả cấu trúc cú pháp câu thơ Thanh Thảo. Vai trò của cấu trúc cú pháp câu thơ Thanh Thảo
Gardado en:
| Autor Principal: | |
|---|---|
| Outros autores: | |
| Formato: | Libro |
| Idioma: | Vietnamese |
| Publicado: |
Đà Nẵng
Đại học Sư phạm, Đại học Đà Nẵng
2012
|
| Những chủ đề: | |
| Các nhãn: |
Engadir etiqueta
Sen Etiquetas, Sexa o primeiro en etiquetar este rexistro!
|
| Thư viện lưu trữ: | Mạng thư viện Đại học Đà Nẵng |
|---|
| LEADER | 01692nam a2200349 4500 | ||
|---|---|---|---|
| 001 | 000017079 | ||
| 003 | 13490 | ||
| 005 | 20130301090343.0 | ||
| 008 | 130301s2012 viesd | ||
| 041 | 0 | |a vie | |
| 082 | |a 895.9221 |b TR-H | ||
| 100 | 1 | |a Trần Thị Bích Hạnh | |
| 245 | |a Cấu trúc cú pháp câu thơ Thanh Thảo. |c Trần Thị Bích Hạnh ; Bùi Trọng Ngoãn hướng dẫn |k Khóa luận tốt nghiệp | ||
| 260 | |a Đà Nẵng |b Đại học Sư phạm, Đại học Đà Nẵng |c 2012 | ||
| 300 | |a 64 tr. |c 29 cm. |e Đĩa CD, bản tóm tắt | ||
| 500 | |a Khóa luận tốt nghiệp đại học. Chuyên ngành: Sư phạm Ngữ văn | ||
| 504 | |a Mục lục đầu trang, tài liệu tham khảo tr. 73 - 74, phụ lục [13 tr.] | ||
| 520 | |a Những vấn đề lí luận liên quan đến đề tài. Khảo sát và miêu tả cấu trúc cú pháp câu thơ Thanh Thảo. Vai trò của cấu trúc cú pháp câu thơ Thanh Thảo | ||
| 600 | 1 | 4 | |a Thanh Thảo |b Vua |c Đinh Tiên Hoàng |d 1946- |
| 650 | 0 | 4 | |a Thơ Việt Nam |v Khóa luận tốt nghiệp |x Nghiên cứu |z Việt Nam |
| 653 | |a Thơ |a Khoa Ngữ văn | ||
| 700 | |a Bùi Trọng Ngoãn |c T.S |e Hướng dẫn | ||
| OWN | |a LSP | ||
| AVA | |a UDN50 |b LSP |d 895.9221 TR-H |e available |t Error 5001 Not defined in file expand_doc_bib_avail. |f 1 |g 0 |h N |i 0 |k 1 | ||
| 999 | |a From the UDN01 | ||
| AVA | |a UDN50 |b LSP |d 895.9221 TR-H |e available |t Error 5001 Not defined in file expand_doc_bib_avail. |f 1 |g 0 |h N |i 0 |k 1 | ||
| TYP | |a Monograph | ||
| TYP | |a Printed language | ||
| 980 | |a Mạng thư viện Đại học Đà Nẵng | ||